Management Information Systems: (Record no. 351464)

000 -LEADER
fixed length control field 00537nam a22001937a 4500
003 - CONTROL NUMBER IDENTIFIER
control field OSt
005 - DATE AND TIME OF LATEST TRANSACTION
control field 20180116183047.0
008 - FIXED-LENGTH DATA ELEMENTS--GENERAL INFORMATION
fixed length control field 160721b xxu||||| |||| 00| 0 eng d
020 ## - INTERNATIONAL STANDARD BOOK NUMBER
International Standard Book Number 9788131787465
040 ## - CATALOGING SOURCE
Transcribing agency 0
082 ## - DEWEY DECIMAL CLASSIFICATION NUMBER
Classification number 658.4038 LAU
100 ## - MAIN ENTRY--PERSONAL NAME
Personal name Kenneth C.Laudon
245 ## - TITLE STATEMENT
Title Management Information Systems:
Remainder of title Managing The Digital Firm
Statement of responsibility, etc. Kenneth C.Laudon
250 ## - EDITION STATEMENT
Edition statement 12th edition
260 ## - PUBLICATION, DISTRIBUTION, ETC.
Place of publication, distribution, etc. India
Name of publisher, distributor, etc. Dorlling Kindersley
Date of publication, distribution, etc. 2014
300 ## - PHYSICAL DESCRIPTION
Extent 596 + p.
Other physical details PB
440 ## - SERIES STATEMENT/ADDED ENTRY--TITLE
Title Management Information Systems:
942 ## - ADDED ENTRY ELEMENTS (KOHA)
Source of classification or shelving scheme
Koha item type Book
Holdings
Withdrawn status Lost status Source of classification or shelving scheme Damaged status Not for loan Collection code Permanent Location Current Location Shelving location Date acquired Total Checkouts Total Renewals Full call number Barcode Date last seen Date last checked out Price effective from Koha item type
            Central Library (CL) Central Library (CL) General Stacks 07/21/2016 7 1 658.4038 LAU 2014 NBSD-2606 01/08/2020 09/14/2019 07/21/2016 Book
© 2023 Central Library, National University of Sciences and Technology. All Rights Reserved.